| 000 | 01275cam a22003374a 4500 | ||
|---|---|---|---|
| 001 | 11955671 | ||
| 003 | OSt | ||
| 005 | 20211216112809.0 | ||
| 008 | 000327s2000 nyua b 001 0 eng | ||
| 010 | _a 00037688 | ||
| 020 | _a082478894X (alk. paper) | ||
| 038 | _aKhadija | ||
| 040 |
_aDLC _cDLC _dDLC |
||
| 042 | _apcc | ||
| 050 | 0 | 0 |
_aTS340 _b.G5325 2000 |
| 082 | 0 | 0 |
_a671.32 _221 _bGIN |
| 100 | 1 |
_aGinzburg, Vladimir B., _d1935- _986746 |
|
| 245 | 1 | 0 |
_aFlat Rolling Fundamentals/ _cVladimir B. Ginzburg, Robert Ballas. |
| 260 |
_aNew York : _bMarcel Dekker, _c2000. |
||
| 300 |
_avi, 839 p.: _bill. ; _c29 cm. |
||
| 440 | 0 |
_aManufacturing engineering and materials processing ; _v57 _986747 |
|
| 504 | _aIncludes bibliographical references and index. | ||
| 563 | _aHB | ||
| 650 | 0 |
_aRolling (Metal-work) _986748 |
|
| 650 | 0 |
_aRolling-mill machinery. _986749 |
|
| 700 | 1 |
_aBallas, Robert, _d1955- _986750 |
|
| 856 | 4 | 2 |
_3Publisher description _uhttp://www.loc.gov/catdir/enhancements/fy0648/00037688-d.html |
| 906 |
_a7 _bcbc _corignew _d1 _eocip _f20 _gy-gencatlg |
||
| 942 |
_2ddc _cBK |
||
| 999 |
_c32169 _d32169 |
||